000 00324 a2200133 4500
000 nam a22 7a 4500
100 _aShrivastava, Harish
110 _aShrivastava, Harish
245 _aEncyclopaedia of Criminology
250 _aLatest edition
260 _bOxford
_c2024
264 _bOxford
_c2024
942 _cBK
999 _c396189
_d396189